00278nam a2200121Ia 4500008004100000082001500041100002200056245003000078250000800108260002400116300000800140650000800148191201s2011 xx 000 0 und d a658.3bBEH aBERNARDIN, H John 0aHuman Resource Management aRep aN. DelhibTMHc2011 a842 aMBA